[Event "Agen_2017-Accession"]
[Site "Agen"]
[Date "2017.08.25"]
[Round "7.31"]
[White "Gardet, Thomas"]
[Black "Lanteri, Nicolas"]
[Result "1-0"]
[WhiteElo "2007"]
[BlackElo "2037"]
[PlyCount "97"]
[EventDate "2017.08.??"]
[EventType "swiss"]
[EventRounds "9"]
[EventCountry "FRA"]
[WhiteTeam "Echecs Club de Petit Bourg"]
[BlackTeam "C.E.M.C. Monaco"]

1. e4 c6 2. d4 d5 3. exd5 cxd5 4. Bd3 Nf6 5. Bf4 Nc6 6. c3 e6 7. Nf3 Bd6 8.
Bxd6 Qxd6 9. O-O O-O 10. Nbd2 Re8 11. Re1 e5 12. dxe5 Nxe5 13. Nxe5 Rxe5 14.
Rxe5 Qxe5 15. Nf3 Qd6 16. h3 Qb6 17. Qc2 Be6 18. Rd1 h6 19. Nd4 Re8 20. Bb5 Rc8
21. Ba4 Ne4 22. Bb3 Nc5 23. a3 Nxb3 24. Qxb3 Qxb3 25. Nxb3 Kf8 26. Nd4 Ke7 27.
f4 Kd6 28. Kf2 Bd7 29. g4 Re8 30. Kf3 Kc5 31. Nb3+ Kb6 32. Nd4 a5 33. Rd2 a4
34. Nc2 Kc5 35. Ne3 Bc6 36. Rd4 g5 37. f5 Re4 38. Nc2 Rxd4 39. Nxd4 Kc4 40. Ke3
Bb5 41. Nxb5 Kxb5 42. Kd4 Kc6 43. Ke5 Kc5 44. Kf6 Kc4 45. Kxf7 Kb3 46. Kg6 Kxb2
47. f6 Kxa3 48. f7 Kb2 49. f8=Q 1-0

[Event "Agen_2017-Accession"]
[Site "Agen"]
[Date "2017.08.26"]
[Round "8.7"]
[White "Dudognon, Thibault"]
[Black "Rodriguez, Adrien"]
[Result "1/2-1/2"]
[WhiteElo "2230"]
[BlackElo "2252"]
[PlyCount "127"]
[EventDate "2017.08.??"]
[EventType "swiss"]
[EventRounds "9"]
[EventCountry "FRA"]
[WhiteTeam "CE Vitrolles"]
[BlackTeam "Lutèce Echecs"]

1. c4 Nf6 2. g3 e6 3. Bg2 c5 4. Nf3 Nc6 5. Nc3 d5 6. cxd5 Nxd5 7. O-O Nf6 8. d3
Be7 9. Bf4 O-O 10. Rc1 Bd7 11. Ne5 Rc8 12. Qb3 Na5 13. Qc2 Be8 14. Rfd1 b5 15.
b3 Bd6 16. Ne4 Nxe4 17. dxe4 Qc7 18. Rxd6 Qxd6 19. Nc4 Qa6 20. Nd6 Rc6 21. e5
Nb7 22. Nxb7 Qxb7 23. Bxc6 Bxc6 24. Qxc5 Rc8 25. f3 Bd7 26. Qe7 Bc6 27. Qd6 h6
28. e4 Qb6+ 29. Kg2 Qb7 30. Be3 a6 31. b4 Be8 32. Bc5 Bc6 33. Rd1 Ra8 34. a3
Kh7 35. Kf2 a5 36. g4 axb4 37. Bxb4 Be8 38. h4 Rc8 39. g5 Qa7+ 40. Kg3 Rc2 41.
Rd4 Rc6 42. Qd8 Rc8 43. Qxc8 Qxd4 44. gxh6 gxh6 45. Kg2 Bd7 46. Qd8 Qb2+ 47.
Kf1 Qc1+ 48. Ke2 Qc4+ 49. Ke1 Qc1+ 50. Ke2 Qc4+ 51. Ke3 Qc1+ 52. Bd2 Qg1+ 53.
Kd3 Qf1+ 54. Kc2 Qc4+ 55. Kb2 Qd3 56. Bc1 Qd4+ 57. Kb1 Qd3+ 58. Ka1 Qc4 59. Bb2
Qf1+ 60. Ka2 Qc4+ 61. Kb1 Qf1+ 62. Bc1 Qd3+ 63. Ka1 Qc4 64. Kb2 1/2-1/2

[Event "Agen_2017-Accession"]
[Site "Agen"]
[Date "2017.08.26"]
[Round "8.8"]
[White "Gatineau, Yovann"]
[Black "Lamard, Guillaume"]
[Result "0-1"]
[WhiteElo "2281"]
[BlackElo "2347"]
[PlyCount "83"]
[EventDate "2017.08.??"]
[EventType "swiss"]
[EventRounds "9"]
[EventCountry "FRA"]
[WhiteTeam "Mulhouse Philidor"]
[BlackTeam "Cannes Echecs"]

1. d4 Nf6 2. Nf3 g6 3. c4 Bg7 4. Nc3 O-O 5. e4 d6 6. h3 e5 7. dxe5 dxe5 8. Be3
Qe7 9. c5 b6 10. Qc2 Bb7 11. Bb5 a6 12. Ba4 Nc6 13. Bxc6 Bxc6 14. O-O b5 15. b4
a5 16. a3 Qe6 17. Nd2 Rfd8 18. Rfd1 a4 19. f3 Nh5 20. Nf1 Nf4 21. Bf2 Be8 22.
Ne3 c6 23. Rab1 Qe7 24. Ne2 Ne6 25. Nf1 f6 26. Rxd8 Rxd8 27. Rd1 Bf7 28. Be3
Nf8 29. Nc1 Bc4 30. Rxd8 Qxd8 31. Qd2 Qe7 32. Qc2 Be6 33. Ng3 h5 34. Nge2 Kh7
35. Qd3 Bc4 36. Qc2 Ne6 37. Nd3 Bh6 38. Bxh6 Kxh6 39. Nec1 Qd7 40. Nb2 Qd4+ 41.
Qf2 Qc3 42. Ncd3 0-1

[Event "Agen_2017-Accession"]
[Site "Agen"]
[Date "2017.08.26"]
[Round "8.9"]
[White "Housieaux, David"]
[Black "Meunier, Clement"]
[Result "1-0"]
[WhiteElo "2409"]
[BlackElo "2269"]
[PlyCount "111"]
[EventDate "2017.08.??"]
[EventType "swiss"]
[EventRounds "9"]
[EventCountry "FRA"]
[WhiteTeam "A.J.E. Noyon"]
[BlackTeam "Echiquier Orangeois"]

1. c4 c5 2. g3 Nc6 3. Bg2 g6 4. Nf3 Bg7 5. Nc3 e5 6. O-O Nge7 7. Ne1 O-O 8. a3
d6 9. Nc2 Be6 10. Ne3 f5 11. d3 a5 12. Ned5 Bf7 13. Bg5 h6 14. Bxe7 Nxe7 15.
Rb1 Nxd5 16. Nxd5 Rb8 17. b4 axb4 18. axb4 b5 19. cxb5 Rxb5 20. Qa4 Be8 21. Qa6
Qb8 22. Rbc1 Kh7 23. bxc5 Rxc5 24. Rxc5 dxc5 25. Qa3 c4 26. dxc4 e4 27. f3 exf3
28. Bxf3 Bf7 29. Rd1 Qe5 30. Qe3 Rc8 31. Qxe5 Bxe5 32. Nb6 Rc7 33. Nd7 Bg7 34.
c5 Bb3 35. Rd6 Kg8 36. c6 Kf7 37. Kf1 Be6 38. Nc5 Bf8 39. Rxe6 Bxc5 40. Bd5 Bb6
41. Kg2 Re7 42. Rd6+ Kg7 43. Bf3 Bc7 44. Rd5 Kf6 45. Rb5 h5 46. h3 Re3 47. Rb7
Be5 48. h4 Ke6 49. Rd7 Kf6 50. Bd5 g5 51. Rf7+ Kg6 52. Re7 gxh4 53. Kf2 Rxg3
54. Rxe5 Rc3 55. Re7 Kf6 56. Rd7 1-0

[Event "Agen_2017-Accession"]
[Site "Agen"]
[Date "2017.08.26"]
[Round "8.10"]
[White "Devallee, Jeremie"]
[Black "Ollier, Pablo"]
[Result "0-1"]
[WhiteElo "2258"]
[BlackElo "2395"]
[PlyCount "32"]
[EventDate "2017.08.??"]
[EventType "swiss"]
[EventRounds "9"]
[EventCountry "FRA"]
[WhiteTeam "Chartres Metropole Echecs"]
[BlackTeam "Echiquier Médocain"]

1. e4 e6 2. Nf3 d5 3. e5 c5 4. b4 c4 5. d3 cxd3 6. Bxd3 Bxb4+ 7. c3 Bc5 8. Qa4+
Qd7 9. Bb5 Nc6 10. Ba3 Bxa3 11. Nxa3 Nge7 12. O-O O-O 13. Rad1 a6 14. Bd3 Ng6
15. Bxg6 fxg6 16. c4 Nxe5 0-1

[Event "Agen_2017-Accession"]
[Site "Agen"]
[Date "2017.08.26"]
[Round "8.11"]
[White "Pucher, Sebastien"]
[Black "Hutois, Mickael"]
[Result "1-0"]
[WhiteElo "2360"]
[BlackElo "2207"]
[PlyCount "129"]
[EventDate "2017.08.??"]
[EventType "swiss"]
[EventRounds "9"]
[EventCountry "FRA"]
[WhiteTeam "Club d'Echecs Metz Fischer"]
[BlackTeam "Echiquier de l'Erdre"]

1. Nf3 Nf6 2. c4 e6 3. g3 d5 4. b3 Be7 5. Bg2 O-O 6. O-O Nbd7 7. Bb2 b6 8. e3
Bb7 9. d3 c5 10. Nc3 Qc7 11. Qe2 Rad8 12. Nh4 dxc4 13. bxc4 Ne8 14. f4 Bf6 15.
Bxb7 Qxb7 16. Nf3 Nc7 17. Rab1 Rfe8 18. g4 Na6 19. g5 Be7 20. Ne4 Nb4 21. a3
Nc6 22. Nfd2 e5 23. f5 f6 24. h4 Kh8 25. Rf3 Ndb8 26. g6 h6 27. Nc3 Bf8 28. Nd5
Ne7 29. e4 Nbc6 30. Rff1 Nd4 31. Qd1 Rd7 32. Bxd4 exd4 33. a4 Nc6 34. Nf3 Bd6
35. Qd2 Be5 36. Rb5 Qb8 37. Rfb1 Qd6 38. Kg2 Rdd8 39. Rh1 Qf8 40. Rbb1 Bb8 41.
Rh3 Kg8 42. Ng5 Rd7 43. Nf7 Be5 44. Rhh1 Rb7 45. a5 Reb8 46. axb6 axb6 47. Qa2
Qe8 48. Rb3 Ra8 49. Qd2 Ra6 50. Rhb1 Qb8 51. Kh3 Qa7 52. Nf4 Ra2 53. R3b2 Ra3
54. Nd5 Ra6 55. Kg4 Bb8 56. Nxh6+ gxh6 57. Nxf6+ Kg7 58. Nh5+ Kg8 59. Nf6+ Kg7
60. Nh5+ Kg8 61. Qxh6 Be5 62. f6 Nd8 63. f7+ Nxf7 64. Qh7+ Kf8 65. Rf2 1-0

[Event "Agen_2017-Accession"]
[Site "Agen"]
[Date "2017.08.26"]
[Round "8.12"]
[White "Bilquez, Romain"]
[Black "Lamoureux, Charles"]
[Result "1/2-1/2"]
[WhiteElo "2219"]
[BlackElo "2306"]
[PlyCount "67"]
[EventDate "2017.08.??"]
[EventType "swiss"]
[EventRounds "9"]
[EventCountry "FRA"]
[WhiteTeam "Nogent le Roi"]
[BlackTeam "Club d'Echecs d'Annemasse"]

1. e4 c5 2. c3 e6 3. d4 d5 4. exd5 exd5 5. Nf3 Nc6 6. Be2 Bd6 7. dxc5 Bxc5 8.
Nbd2 Nge7 9. Nb3 Bd6 10. Nbd4 Bg4 11. O-O O-O 12. Bg5 h6 13. Bh4 Qd7 14. Bg3
Bc5 15. Nxc6 Nxc6 16. b4 Bb6 17. b5 Bxf3 18. bxc6 Bxe2 19. cxd7 Bxd1 20. Rfxd1
d4 21. Be5 Rfd8 22. Bxd4 Rxd7 23. Bxb6 Rxd1+ 24. Rxd1 axb6 25. g3 Rxa2 26. Rd8+
Kh7 27. Rd7 Rc2 28. Rxb7 Rxc3 29. Rxb6 h5 30. h4 Ra3 31. Rc6 Ra2 32. Rb6 Ra3
33. Rc6 Ra2 34. Rb6 1/2-1/2

[Event "Agen_2017-Accession"]
[Site "Agen"]
[Date "2017.08.26"]
[Round "8.13"]
[White "Calistri, Tristan"]
[Black "Lacroix, Romain"]
[Result "1-0"]
[WhiteElo "2293"]
[BlackElo "2255"]
[PlyCount "51"]
[EventDate "2017.08.??"]
[EventType "swiss"]
[EventRounds "9"]
[EventCountry "FRA"]
[WhiteTeam "La tour de Juvisy"]
[BlackTeam "C.E.I. Toulouse"]

1. e4 d6 2. d4 Nf6 3. Nc3 e5 4. Nf3 Nbd7 5. Bc4 Be7 6. a4 O-O 7. h3 c6 8. O-O
a5 9. Re1 Nb6 10. Ba2 Nfd7 11. Be3 exd4 12. Nxd4 Nc5 13. Qh5 g6 14. Qf3 Nbd7
15. Bh6 Ne5 16. Qe2 Re8 17. f4 Ned7 18. Bxf7+ Kxf7 19. Qc4+ d5 20. Nxd5 Ne5 21.
fxe5 cxd5 22. exd5 Qb6 23. d6+ Ne6 24. Rf1+ Kg8 25. dxe7 Rxe7 26. Rf8# 1-0

[Event "Agen_2017-Accession"]
[Site "Agen"]
[Date "2017.08.26"]
[Round "8.14"]
[White "Micottis, Dorian"]
[Black "Sanchez, Louis"]
[Result "1/2-1/2"]
[WhiteElo "2271"]
[BlackElo "2240"]
[PlyCount "127"]
[EventDate "2017.08.??"]
[EventType "swiss"]
[EventRounds "9"]
[EventCountry "FRA"]
[WhiteTeam "Club d'Echecs Metz Fischer"]
[BlackTeam "Clichy-Echecs-92"]

1. e4 e5 2. Nf3 Nf6 3. Nc3 Nc6 4. Be2 d5 5. exd5 Nxd5 6. O-O Nxc3 7. bxc3 e4 8.
Ne1 Bd6 9. f3 Bf5 10. fxe4 Bxe4 11. Nf3 O-O 12. d4 h6 13. Bd3 f5 14. Bb2 Qe7
15. c4 Ba3 16. Qc1 Bxb2 17. Qxb2 b6 18. Rae1 Rae8 19. Nd2 Qd6 20. Bxe4 fxe4 21.
c3 Rxf1+ 22. Nxf1 Na5 23. Ne3 Qe6 24. Qe2 Rf8 25. Rf1 Rxf1+ 26. Qxf1 Qc6 27.
Nd5 Qd7 28. Qf4 c6 29. Ne3 Qe7 30. h3 Kh7 31. d5 cxd5 32. cxd5 Nb7 33. Kh1 Nd6
34. Nc2 Qf6 35. Qxf6 gxf6 36. g4 Kg6 37. Nd4 h5 38. Kg2 hxg4 39. hxg4 f5 40.
Kg3 fxg4 41. Kxg4 Nc4 42. Kf4 e3 43. Ke4 a6 44. Kd3 b5 45. a4 Nb2+ 46. Kxe3
Nxa4 47. Ne2 Kf6 48. Kd4 Ke7 49. Ng3 Nb6 50. Ne4 Nd7 51. Ng3 a5 52. Nf5+ Kd8
53. Nd6 b4 54. c4 Kc7 55. c5 a4 56. Nb5+ Kd8 57. Kc4 b3 58. Na3 Nf6 59. d6 Kd7
60. Kb4 Ne4 61. Nc4 Nxd6 62. cxd6 b2 63. Nxb2 Kxd6 64. Nxa4 1/2-1/2

[Event "Agen_2017-Accession"]
[Site "Agen"]
[Date "2017.08.26"]
[Round "8.15"]
[White "Favarel, Julien"]
[Black "Pigeat, Alexandre"]
[Result "1/2-1/2"]
[WhiteElo "2247"]
[BlackElo "2286"]
[PlyCount "90"]
[EventDate "2017.08.??"]
[EventType "swiss"]
[EventRounds "9"]
[EventCountry "FRA"]
[WhiteTeam "Bordeaux ASPOM Echecs"]
[BlackTeam "Esbarres Bonnencontre Echecs"]

1. e4 e6 2. d4 d5 3. exd5 exd5 4. Nf3 Bd6 5. c4 c6 6. Nc3 Ne7 7. Bd3 Bg4 8. O-O
h6 9. h3 Bh5 10. c5 Bc7 11. b4 O-O 12. Bd2 Nd7 13. Re1 f5 14. Be2 Bxf3 15. Bxf3
Nf6 16. Be2 Ng6 17. Bf1 Qd7 18. Ne2 f4 19. f3 Nh5 20. Nc3 Nh4 21. Qe2 Rae8 22.
Qd3 Rc8 23. b5 Ng3 24. bxc6 bxc6 25. Ne2 Nxf1 26. Rxf1 Rf6 27. Be1 Nf5 28. Bf2
Rcf8 29. Rab1 Qc8 30. Kh1 Rg6 31. Rg1 Rg5 32. Qc2 Ne7 33. Rge1 Ng6 34. Ng1 Kh7
35. Re2 Bd8 36. Rbe1 Qa6 37. Re8 Ba5 38. Qe2 Bxe1 39. Qxa6 Rxe8 40. Qf1 Bxf2
41. Qxf2 Rb8 42. Qc2 Kh8 43. Ne2 Rf8 44. Qd2 Rgf5 45. Nc1 R5f6 1/2-1/2

[Event "Agen_2017-Accession"]
[Site "Agen"]
[Date "2017.08.26"]
[Round "8.16"]
[White "Valuet, Bertrand"]
[Black "Coiffait, Pierre-Basile"]
[Result "1/2-1/2"]
[WhiteElo "2310"]
[BlackElo "2230"]
[PlyCount "124"]
[EventDate "2017.08.??"]
[EventType "swiss"]
[EventRounds "9"]
[EventCountry "FRA"]
[WhiteTeam "La tour de Juvisy"]
[BlackTeam "Cannes Echecs"]

1. d4 Nf6 2. c4 e6 3. Nc3 Bb4 4. Qc2 b6 5. e4 c5 6. dxc5 Bb7 7. c6 Nxc6 8. Nf3
d5 9. cxd5 exd5 10. e5 Qe7 11. Bb5 O-O 12. Bxc6 Bxc6 13. O-O Ne4 14. Nd4 Bb7
15. Nxe4 dxe4 16. Bf4 Bc5 17. Rfd1 Bxd4 18. Rxd4 Rfd8 19. Rad1 Rxd4 20. Rxd4
Rd8 21. Rd6 h6 22. Qd2 Rxd6 23. exd6 Qd7 24. h3 Bc8 25. Qc3 Bb7 26. Qd4 Bc6 27.
Be5 f6 28. Bf4 Qe6 29. g4 Kf7 30. b3 Qd5 31. Qxd5+ Bxd5 32. Kf1 Ke6 33. Ke2 Bc6
34. Ke3 Kd5 35. Kd2 Bd7 36. Kc3 h5 37. gxh5 Bxh3 38. Kb4 Bg4 39. a4 Kc6 40. Kc4
Bxh5 41. b4 Kd7 42. a5 Be2+ 43. Kd4 Bf3 44. Bg3 g5 45. Bh2 Ke6 46. Bg3 Bg2 47.
Ke3 f5 48. Be5 f4+ 49. Kd2 Bf1 50. d7 Kxd7 51. Bf6 g4 52. Be5 e3+ 53. Ke1 e2
54. Bxf4 Kc6 55. Be3 Kb5 56. axb6 axb6 57. Bd4 Kxb4 58. Bxb6 Kc3 59. Bc7 Kd3
60. Bb8 Bg2 61. Bc7 Bd5 62. Bb8 Bc4 1/2-1/2

[Event "Agen_2017-Accession"]
[Site "Agen"]
[Date "2017.08.26"]
[Round "8.17"]
[White "Roselle, Tristan"]
[Black "Guidez, Yann-Michael"]
[Result "1/2-1/2"]
[WhiteElo "2134"]
[BlackElo "2271"]
[PlyCount "156"]
[EventDate "2017.08.??"]
[EventType "swiss"]
[EventRounds "9"]
[EventCountry "FRA"]
[WhiteTeam "AGJA-Echiquier Aquitaine"]
[BlackTeam "Echiquier Bordelais"]

1. e4 e5 2. Nf3 Nc6 3. Bc4 Bc5 4. c3 Nf6 5. d3 d6 6. Nbd2 O-O 7. O-O a6 8. Bb3
Ba7 9. h3 Ne7 10. Re1 Ng6 11. Nf1 d5 12. Ng3 c6 13. Qc2 Re8 14. Bd2 dxe4 15.
dxe4 Be6 16. Rad1 Bxb3 17. Qxb3 Qc7 18. Be3 Bxe3 19. Rxe3 Nf4 20. Ree1 c5 21.
c4 Ne6 22. Nf5 Nd4 23. N3xd4 exd4 24. Qg3 Qxg3 25. Nxg3 a5 26. f4 Nd7 27. Nf5
f6 28. Nd6 Re6 29. Nb5 Rc8 30. Kf2 Nb8 31. e5 Nc6 32. Nd6 Rc7 33. Ne4 Nb4 34.
Rd2 fxe5 35. f5 Rb6 36. a3 Na6 37. Ng5 Re7 38. Ne6 Rc6 39. Rxe5 Nc7 40. Rde2
Nxe6 41. fxe6 d3 42. Rd2 Rexe6 43. Rxe6 Rxe6 44. Rxd3 a4 45. Rd8+ Kf7 46. Rd7+
Re7 47. Rd5 b6 48. Rd6 Rb7 49. Ke3 Ke7 50. Rd5 Ke6 51. Ke4 Rf7 52. Rd2 Rf1 53.
Kd3 Rc1 54. Re2+ Kd6 55. Rf2 Rg1 56. Re2 g5 57. Ke4 Ke6 58. Kf3+ Kf6 59. Rd2
Rf1+ 60. Ke2 Rf4 61. Rd6+ Ke5 62. Rxb6 Rxc4 63. Kd3 Rd4+ 64. Kc3 Rf4 65. Rh6
Rf2 66. g4 Kd5 67. Rxh7 Rf3+ 68. Kc2 Kc4 69. Rg7 Rf2+ 70. Kc1 Rf1+ 71. Kc2 Rf2+
72. Kb1 Kb3 73. Rb7+ Kc4 74. Ka2 Kd4 75. Rd7+ Ke3 76. Re7+ Kd3 77. Rd7+ Ke3 78.
Re7+ Kd3 1/2-1/2

[Event "Agen_2017-Accession"]
[Site "Agen"]
[Date "2017.08.26"]
[Round "8.18"]
[White "Muller, Anthony"]
[Black "Touzane, Olivier"]
[Result "1-0"]
[WhiteElo "2243"]
[BlackElo "2264"]
[PlyCount "121"]
[EventDate "2017.08.??"]
[EventType "swiss"]
[EventRounds "9"]
[EventCountry "FRA"]
[WhiteTeam "Le Champ du Fou "]
[BlackTeam "Echecs Club Montpellier"]

1. d4 Nf6 2. c4 g6 3. Nc3 Bg7 4. e4 d6 5. Nf3 O-O 6. Be2 e5 7. O-O Nc6 8. d5
Ne7 9. Ne1 Nd7 10. Be3 f5 11. f3 f4 12. Bf2 g5 13. a4 a6 14. a5 Rf6 15. b4 Rh6
16. Nd3 Qe8 17. Be1 Nf6 18. Nf2 Rg6 19. c5 h5 20. h3 Bh6 21. cxd6 cxd6 22. Na4
g4 23. fxg4 hxg4 24. hxg4 f3 25. gxf3 Nh5 26. Nh3 Nf4 27. Nxf4 Bxf4 28. Bd2 Qf8
29. Qc1 Bxd2 30. Qxd2 Rg7 31. Nb6 Rb8 32. Rac1 Ng6 33. Rf2 Nf4 34. Rh2 Bd7 35.
Rc7 Bb5 36. Rxg7+ Qxg7 37. Bxb5 axb5 38. Qe1 Rf8 39. Qf1 Qc7 40. Qe1 Ng6 41.
Qe3 Rf7 42. Kf1 Nf4 43. Kg1 Qd8 44. Kf1 Rc7 45. Ke1 Kg7 46. Kd1 Kg6 47. Rc2 Rh7
48. Kc1 Rh1+ 49. Kb2 Qh4 50. Nc8 Qh3 51. Nxd6 Qf1 52. Nxb5 Qa1+ 53. Kb3 Rb1+
54. Kc4 Kg5 55. Kc5 Re1 56. Qc3 Qd1 57. Rd2 Qa4 58. Qxe5+ Kh4 59. Qh8+ Kg3 60.
Qh2+ Kxf3 61. Rf2+ 1-0

[Event "Agen_2017-Accession"]
[Site "Agen"]
[Date "2017.08.26"]
[Round "8.19"]
[White "Feryn, Benjamin"]
[Black "Viel, Simon"]
[Result "1/2-1/2"]
[WhiteElo "2153"]
[BlackElo "2220"]
[PlyCount "81"]
[EventDate "2017.08.??"]
[EventType "swiss"]
[EventRounds "9"]
[EventCountry "FRA"]
[WhiteTeam "L'Echiquier Cappellois"]
[BlackTeam "Echecs Plus de Cherbourg-Octeville"]

1. e4 e6 2. Nf3 d5 3. e5 c5 4. b4 cxb4 5. a3 bxa3 6. d4 Nc6 7. Bd3 Bd7 8. c3 h6
9. O-O Rc8 10. Bxa3 Bxa3 11. Nxa3 a6 12. Nd2 Na5 13. Qg4 g6 14. Rac1 b5 15. f4
Ne7 16. Qh3 Kf8 17. g4 Kg7 18. Qg2 Nec6 19. Nc2 h5 20. f5 Qg5 21. fxg6 fxg6 22.
Rf6 Be8 23. Rcf1 Qxg4 24. Qxg4 hxg4 25. Rxe6 Rh3 26. Ne1 b4 27. cxb4 Nxb4 28.
Be2 Bb5 29. Re7+ Kh6 30. Bxg4 Bxf1 31. Bxc8 Rc3 32. Nxf1 Rxc8 33. Ne3 Nbc6 34.
Rd7 Nxd4 35. Rxd5 Nac6 36. Nd3 Re8 37. Nc4 Kg5 38. Na5 Kf5 39. Nxc6 Nxc6 40.
Rd6 Nxe5 41. Nxe5 1/2-1/2

[Event "Agen_2017-Accession"]
[Site "Agen"]
[Date "2017.08.26"]
[Round "8.20"]
[White "Ollier, Milan"]
[Black "Guignier, Nicolas"]
[Result "1-0"]
[WhiteElo "2253"]
[BlackElo "2212"]
[PlyCount "67"]
[EventDate "2017.08.??"]
[EventType "swiss"]
[EventRounds "9"]
[EventCountry "FRA"]
[WhiteTeam "Echiquier Médocain"]
[BlackTeam "Avinkha Club d'Echecs"]

1. e4 e6 2. d4 d5 3. Nd2 Nc6 4. Ngf3 Nge7 5. c3 Ng6 6. g3 Be7 7. Bg2 O-O 8. Qe2
a5 9. O-O b6 10. Re1 Ba6 11. Qe3 Re8 12. h4 h6 13. e5 Na7 14. Nf1 c5 15. Bd2
Rc8 16. Rac1 Qd7 17. N1h2 Qa4 18. a3 Qb3 19. h5 Nf8 20. Ng4 Nh7 21. Nxh6+ gxh6
22. Qxh6 Nc6 23. Qf4 Bd3 24. Bf1 Bxf1 25. Rxf1 a4 26. h6 Bf8 27. Qg4+ Kh8 28.
Bg5 Ne7 29. Bf6+ Nxf6 30. exf6 Nf5 31. Ne5 Rc7 32. Kg2 Bd6 33. Rh1 Rg8 34. Qg7+
1-0

[Event "Agen_2017-Accession"]
[Site "Agen"]
[Date "2017.08.26"]
[Round "8.21"]
[White "Trouve, Guillaume"]
[Black "Le Goff, Ronan"]
[Result "1-0"]
[WhiteElo "2214"]
[BlackElo "2280"]
[PlyCount "69"]
[EventDate "2017.08.??"]
[EventType "swiss"]
[EventRounds "9"]
[EventCountry "FRA"]
[WhiteTeam "Mulhouse Philidor"]
[BlackTeam "Echiquier de l'Erdre"]

1. e4 e5 2. Nf3 Nc6 3. Bb5 g6 4. c3 a6 5. Ba4 Bg7 6. d4 exd4 7. cxd4 b5 8. Bb3
d6 9. Bg5 Nge7 10. h3 h6 11. Be3 Na5 12. Bc2 Nc4 13. Bc1 O-O 14. b3 Nb6 15. Bb2
d5 16. e5 Bf5 17. Nbd2 Qd7 18. Rc1 Rac8 19. O-O g5 20. Ba3 Rfe8 21. Re1 Ng6 22.
Nf1 Nf4 23. Ne3 Bg6 24. g3 Bxc2 25. Rxc2 Ng6 26. Kg2 Qe6 27. Qd3 Nd7 28. Rec1
c6 29. Nf5 Red8 30. Nd6 Rc7 31. Rxc6 Rxc6 32. Rxc6 Ndxe5 33. dxe5 Nxe5 34. Nxe5
Bxe5 35. Nf5 1-0

[Event "Agen_2017-Accession"]
[Site "Agen"]
[Date "2017.08.26"]
[Round "8.22"]
[White "Vidal, Llewellyn"]
[Black "Aumont, Alexandre"]
[Result "0-1"]
[WhiteElo "2247"]
[BlackElo "2205"]
[PlyCount "134"]
[EventDate "2017.08.??"]
[EventType "swiss"]
[EventRounds "9"]
[EventCountry "FRA"]
[WhiteTeam "Echecs Club Montpellier"]
[BlackTeam "La Cavale du Fou"]

1. c4 f5 2. g3 Nf6 3. Bg2 g6 4. Nc3 Bg7 5. d3 d6 6. e4 Nc6 7. Nge2 O-O 8. O-O
e5 9. Nd5 Be6 10. Bg5 Qd7 11. Qd2 Ng4 12. h3 Nf6 13. Kh2 Nd8 14. Rad1 Bxd5 15.
cxd5 Nf7 16. Be3 b6 17. Rc1 Rac8 18. Rc2 h6 19. Rfc1 Kh7 20. Qb4 Ng5 21. f4 Nf7
22. a4 Rfe8 23. a5 fxe4 24. dxe4 exf4 25. gxf4 Nxd5 26. exd5 Rxe3 27. Nd4 Bxd4
28. Qxd4 Qe7 29. a6 h5 30. Rc6 Nh6 31. R1c3 Nf5 32. Rxe3 Qxe3 33. Qxe3 Nxe3 34.
Rc3 Nxg2 35. Kxg2 Kg7 36. Kf3 Kf7 37. f5 g5 38. h4 gxh4 39. Kf4 Kf6 40. Re3 Rg8
41. Re6+ Kf7 42. Rh6 Rg4+ 43. Kf3 Kg7 44. Rxh5 Rb4 45. Ke3 Rb3+ 46. Kd4 Rxb2
47. Kc4 Rc2+ 48. Kb4 Rc5 49. Ka4 Kf6 50. Rxh4 Kxf5 51. Rh8 Ke5 52. Kb4 Ra5 53.
Rc8 Kxd5 54. Rxc7 Rxa6 55. Rc1 Ra5 56. Rc7 Ra1 57. Kb5 Kd4 58. Rh7 Ra5+ 59. Kb4
a6 60. Rh4+ Kd5 61. Rh8 Rb5+ 62. Ka4 Rc5 63. Rh5+ Kc6 64. Rh4 Re5 65. Rc4+ Kd5
66. Rc8 Re4+ 67. Kb3 a5 0-1

[Event "Agen_2017-Accession"]
[Site "Agen"]
[Date "2017.08.26"]
[Round "8.23"]
[White "Tomasi, Albert"]
[Black "Girardon, Jerome"]
[Result "1-0"]
[WhiteElo "2229"]
[BlackElo "2160"]
[PlyCount "53"]
[EventDate "2017.08.??"]
[EventType "swiss"]
[EventRounds "9"]
[EventCountry "FRA"]
[WhiteTeam "Echecs-Club Ajaccien"]
[BlackTeam "Gueugnon Echecs"]

1. e4 c5 2. Nf3 d6 3. d4 cxd4 4. Nxd4 Nf6 5. Nc3 g6 6. Be3 Bg7 7. f3 Nc6 8. Qd2
h5 9. O-O-O Bd7 10. Kb1 Rc8 11. h3 a6 12. Be2 b5 13. g4 Ne5 14. g5 Nh7 15. f4
Nc4 16. Bxc4 Rxc4 17. f5 O-O 18. Rhf1 Nxg5 19. Qg2 Nh7 20. fxg6 fxg6 21. Qxg6
Qe8 22. Nd5 e6 23. Bh6 Rf7 24. Rg1 Rxd4 25. Rxd4 Rf1+ 26. Rxf1 Qxg6 27. Ne7+
1-0

[Event "Agen_2017-Accession"]
[Site "Agen"]
[Date "2017.08.26"]
[Round "8.24"]
[White "Fantinel, Thibault"]
[Black "Pottier, Simeon"]
[Result "1-0"]
[WhiteElo "2413"]
[BlackElo "2006"]
[PlyCount "51"]
[EventDate "2017.08.??"]
[EventType "swiss"]
[EventRounds "9"]
[EventCountry "FRA"]
[WhiteTeam "Echiquier Agenais"]
[BlackTeam "Rois et Dames des Trois Cites"]

1. e4 e5 2. Nf3 Nc6 3. Bb5 a6 4. Ba4 Nf6 5. O-O Be7 6. Re1 b5 7. Bb3 d6 8. c3
O-O 9. d4 Bg4 10. d5 Na5 11. Bc2 Qc8 12. h3 Bd7 13. Nbd2 c6 14. dxc6 Bxc6 15.
Nf1 Qc7 16. Ng3 g6 17. a4 Rfe8 18. Bg5 Nd7 19. Bxe7 Rxe7 20. Qc1 d5 21. Qh6 f6
22. Red1 Qb7 23. axb5 axb5 24. exd5 Bxd5 25. Rxd5 Qxd5 26. Be4 1-0

[Event "Agen_2017-Accession"]
[Site "Agen"]
[Date "2017.08.26"]
[Round "8.25"]
[White "Le Ruyet, Leopold"]
[Black "De Lussac, Rainier"]
[Result "1-0"]
[WhiteElo "2317"]
[BlackElo "2149"]
[PlyCount "75"]
[EventDate "2017.08.??"]
[EventType "swiss"]
[EventRounds "9"]
[EventCountry "FRA"]
[WhiteTeam "Echiquier de l'Erdre"]
[BlackTeam "Chevau-légers de la Choisille"]

1. Nf3 c5 2. c4 Nc6 3. Nc3 Nf6 4. g3 d5 5. d4 cxd4 6. Nxd4 e6 7. cxd5 Nxd5 8.
Bg2 Bc5 9. Nb3 Bb4 10. Bd2 Bxc3 11. bxc3 O-O 12. c4 Nf6 13. Bc3 Qe7 14. O-O Rd8
15. Qc1 Bd7 16. Qg5 Rac8 17. Nc5 b6 18. Nb7 Rf8 19. Nd6 Rc7 20. Rad1 h6 21. Qh4
Rd8 22. Nb5 Rcc8 23. Bxc6 Bxc6 24. Bxf6 Qxf6 25. Qxf6 gxf6 26. Nxa7 Ba4 27.
Nxc8 Bxd1 28. Nxb6 Bxe2 29. Rc1 Bf3 30. c5 Bc6 31. a4 e5 32. Kf1 Rd2 33. Nc8
Bxa4 34. c6 Bb5+ 35. Ke1 Rd8 36. Na7 Ba6 37. c7 Ra8 38. c8=Q+ 1-0

[Event "Agen_2017-Accession"]
[Site "Agen"]
[Date "2017.08.26"]
[Round "8.26"]
[White "Suez-Panama, Gilles"]
[Black "O'Sullivan, Thomas"]
[Result "0-1"]
[WhiteElo "2078"]
[BlackElo "2238"]
[PlyCount "62"]
[EventDate "2017.08.??"]
[EventType "swiss"]
[EventRounds "9"]
[EventCountry "FRA"]
[WhiteTeam "Arsenal"]
[BlackTeam "Cercle d'Echecs de Villepinte"]

1. d4 Nf6 2. Nf3 g6 3. c4 Bg7 4. Nc3 d5 5. cxd5 Nxd5 6. g3 O-O 7. Bg2 Nxc3 8.
bxc3 c5 9. O-O cxd4 10. cxd4 Nc6 11. e3 Be6 12. Qa4 Bd5 13. Ba3 Rc8 14. Rfc1
Re8 15. Qb5 e6 16. Qe2 Qa5 17. Bb2 Qb6 18. Ba3 Qa5 19. Bb2 Qb4 20. a3 Qa4 21.
Bf1 Na5 22. Rc3 Rxc3 23. Bxc3 Nb3 24. Rd1 Qxa3 25. e4 Bc6 26. Qd3 Nc5 27. dxc5
Qxc3 28. Qxc3 Bxc3 29. Bd3 Rd8 30. Bc2 Rxd1+ 31. Bxd1 Bxe4 0-1

[Event "Agen_2017-Accession"]
[Site "Agen"]
[Date "2017.08.26"]
[Round "8.27"]
[White "Giacomini, Hector"]
[Black "Mancini, Mario"]
[Result "1/2-1/2"]
[WhiteElo "2226"]
[BlackElo "2199"]
[PlyCount "80"]
[EventDate "2017.08.??"]
[EventType "swiss"]
[EventRounds "9"]
[EventCountry "FRA"]
[WhiteTeam "Echiquier Tourangeau"]
[BlackTeam "Cercle d'Echecs de Villepinte"]

1. Nf3 Nf6 2. e3 e6 3. d4 c5 4. c4 cxd4 5. exd4 d5 6. Nc3 Be7 7. cxd5 Nxd5 8.
Bd3 O-O 9. O-O Nc6 10. Re1 Ncb4 11. Bb1 Nf6 12. a3 Nbd5 13. Ne5 Bd7 14. Qd3 Bc6
15. Bg5 g6 16. Bh6 Re8 17. Qh3 Bf8 18. Ba2 Bg7 19. Rad1 Qd6 20. Bc1 Rac8 21.
Nc4 Qc7 22. Ne5 a6 23. Rd3 Qd6 24. Qh4 Ne7 25. Qf4 Bd5 26. Nxd5 Nexd5 27. Qf3
Rc7 28. Bg5 Rec8 29. Bb3 Qb6 30. h3 Qd6 31. g3 Qb6 32. Kg2 Qd6 33. Re2 Re8 34.
Rc2 Rxc2 35. Bxc2 Rc8 36. Bb3 Rc7 37. Nc4 Qf8 38. Ne5 Qd6 39. Nc4 Qf8 40. Ne5
Qd6 1/2-1/2